000 00731nam a2200205Ii 4500
003 JO-AjNU
008 230605s9999||||xx |||||||||||||| ||und||
040 _aJO-AjNU
_bara
_erda
_cJO-AjNU
041 _aara
050 1 4 _aBP131.6.D36 1993
100 3 _aالداني، ابي عمرو عثمان بن سعيد؛ تحقيق وتقديم زهير غازي زاهد,
_eauthor
_918012
245 0 0 _aكتاب الأدغام الكبير في القرآن
250 _aط1
264 3 1 _aبيروت: عالم الكتب، 1993
300 _a153ص
336 _atext
_btxt
_2rdacontent
337 _aunmediated
_bn
_2rdamedia
338 _avolume
_bnc
_2rdacarrier
650 4 _aالقران - تجويد - القران تحفيظ
_918013
999 _aA5681
_c9249
_d9249